| 000 | 00729cam a2200241 i 4500 | ||
|---|---|---|---|
| 999 |
_c4227 _d4227 |
||
| 001 | 1794135 | ||
| 003 | GBCCL | ||
| 005 | 20241126110514.0 | ||
| 008 | 800425s1979 ilu b 000 0 eng | ||
| 010 | _a 78068909 | ||
| 020 |
_a084237051X : _c$4.95. |
||
| 040 |
_aDLC _cDLC _dDLC |
||
| 050 | 0 | 0 |
_aBS2725.3 _b.D7 |
| 082 | 0 | 0 |
_a227.8107 _bDRA |
| 100 | 1 |
_aDraper, James T. _91008 |
|
| 245 | 1 | 0 |
_a1 & 2 Thessalonians : _bthe hope of a waiting church / _cJames T. Draper, Jr. |
| 260 |
_aWheaton, Ill. : _bTyndale House, _c[1979] |
||
| 300 |
_a257 p. ; _c21 cm. |
||
| 504 | _aBibliography: p. 257. | ||
| 630 | 0 | 0 |
_aBible. _pThessalonians _xCommentaries. _9863 |
| 906 |
_a7 _bcbc _corignew _d2 _eopcn _f19 _gy-gencatlg |
||
| 942 |
_2ddc _cBK _07 |
||